Banskobystrické zámocké dni práva zborník zo 7. ročníka medzinárodnej vedeckej konferencie : 14.-15. november 2024, zámocký hotel The Grand Vígľaš

Enregistré dans:
Détails bibliographiques
Collectivité auteur: Banskobystrické zámocké dni práva. Medzinárodná vedecká konferencia
Autres auteurs: Funta, Rastislav, Kačaljak, Matej
Format: Livre
Langue:slovaque
anglais
tchèque
Publié: Banská Bystrica BELIANUM 2025
Édition:1. vydanie
Sujets:
Tags: Ajouter un tag
Pas de tags, Soyez le premier à ajouter un tag!

MARC

LEADER 00000nlm a2200000 4500
001 0308863
005 20250604102532.7
020 |a 978-80-557-2232-0 
041 0 |a slo 
041 0 |a eng 
041 0 |a cze 
044 |a SK 
245 1 0 |a Banskobystrické zámocké dni práva  |b zborník zo 7. ročníka medzinárodnej vedeckej konferencie : 14.-15. november 2024, zámocký hotel The Grand Vígľaš  |c recenzenti: Rastislav Funta, Matej Kačaljak ... [et al.] 
250 |a 1. vydanie 
264 1 |a Banská Bystrica  |b BELIANUM  |c 2025 
300 |a 1108 s. 
610 2 0 |a právo 
610 2 0 |a právo verejné 
610 2 0 |a právo súkromné 
610 2 0 |a právo pracovné 
610 2 0 |a politika 
610 2 0 |a právo európske 
700 1 |a Funta, Rastislav 
700 1 |a Kačaljak, Matej 
110 2 |a Banskobystrické zámocké dni práva. Medzinárodná vedecká konferencia